Phân tích ảnh hưởng của thay đổi dự trữ ngoại hối đến đầu tư của các doanh nghiệp niêm yết trên sở giao dịch chứng khoán thành phố Hồ Chí Minh : Luận văn tốt nghiệp Thạc sĩ. Chuyên ngành Tài chính - Ngân hàng
Phân tích ảnh hưởng của thay đổi dự trữ ngoại hối đến đầu tư của các doanh nghiệp niêm yết trên sở giao dịch chứng khoán Thành phố Hồ Chí Minh, từ đó đề xuất các khuyến nghị chính sách có thể thận trọng hơn khi sử dụng công cụ dự tr...
Wedi'i Gadw mewn:
| Prif Awdur: | |
|---|---|
| Fformat: | Llyfr |
| Iaith: | Undetermined |
| Cyhoeddwyd: |
Cần Thơ
Trường Đại học Cần Thơ
2019
|
| Pynciau: | |
| Tagiau: |
Ychwanegu Tag
Dim Tagiau, Byddwch y cyntaf i dagio'r cofnod hwn!
|
| Thư viện lưu trữ: | Trung tâm Học liệu Trường Đại học Cần Thơ |
|---|
| LEADER | 01440nam a2200217Ia 4500 | ||
|---|---|---|---|
| 001 | CTU_232728 | ||
| 008 | 210402s9999 xx 000 0 und d | ||
| 082 | |a 332.642 | ||
| 082 | |b H101 | ||
| 088 | |a 8340201 | ||
| 100 | |a Trần, Lăng Hoàng Hạc | ||
| 245 | 0 | |a Phân tích ảnh hưởng của thay đổi dự trữ ngoại hối đến đầu tư của các doanh nghiệp niêm yết trên sở giao dịch chứng khoán thành phố Hồ Chí Minh : | |
| 245 | 0 | |b Luận văn tốt nghiệp Thạc sĩ. Chuyên ngành Tài chính - Ngân hàng | |
| 245 | 0 | |c Trần Lăng Hoàng Hạc ; Lê Long Hậu (Cán bộ hướng dẫn) | |
| 260 | |a Cần Thơ | ||
| 260 | |b Trường Đại học Cần Thơ | ||
| 260 | |c 2019 | ||
| 520 | |a Phân tích ảnh hưởng của thay đổi dự trữ ngoại hối đến đầu tư của các doanh nghiệp niêm yết trên sở giao dịch chứng khoán Thành phố Hồ Chí Minh, từ đó đề xuất các khuyến nghị chính sách có thể thận trọng hơn khi sử dụng công cụ dự trữ ngoại hối cho nền kinh tế quốc gia trở nên hiệu quả hơn. | ||
| 650 | |a Stock exchanges,Thị trường chứng khoán | ||
| 910 | |b nthai | ||
| 980 | |a Trung tâm Học liệu Trường Đại học Cần Thơ | ||